000 00573nam a22001697a 4500
999 _c21080
_d21080
003 AR-CdUCM
008 191003b ||||| |||| 00| 0 spa d
040 _aMUNICIPALIDAD PROVINCIAL DEL CUSCO
_cBIBLIOTECA MUNICIPAL DEL CUSCO
082 _aC / 352.48 /
_bP85 / 1967
110 _aConsejo Provincial del Cuzco
_932962
245 _aPresupuesto funcional para el año económico de 1967 /
260 _aCuzco :
_bTipografías Mercantil,
_c1967.
300 _a26 páginas ;
_c34 cm.
650 _aPrsupuesto
_943931
650 _aProvincia Cusco
_943932
942 _2ddc
_cLIBROS